1937 1922 1901 1077 1739 1920 1462 1513 1851 1644 1444 1616 1739 1423 1618 1476 1286 1397 1693 1722 1170 1984 1940 1305 1966 1200 1659 1912 1645 1998 1645 1818 1871 1116 1689 1995 1481 1492 1474 1210 1745 1850 1227 1802 1096 1135 1272 1672 1167 1706 1627 1716 1678 1528 1004 1592 1149 1154 1202 1249 1756 1039 1338 1170 1499 1362 1576 1233 1286 1406 1500 1040 1439 1026 1150 1940 1660 1934 1689 1504 1981 1313 1945 1811 1308 1521 1214 1458 1756 1294 1760 1813 1211 1418 1851 1087 1788 1387 1948 BCNSPRNW ULIB Ver.6.0+V

เปลี่ยนเป็นภาษาไทย

Change to English
 แสดงรายละเอียดบรรณานุกรม
  กลับหน้าหลัก

Brief Record : Get Marc (ISO 2709) : E-mail record : QR code < ปิดหน้าต่าง
LEADER : 00000nam 2200000uu 4500
001    13399112427
003     ULIB
008    110815s2544||||th 000 0 tha d
020    9743472835
040    cl
050  4 HM15^bน599ร 2544
245 00 รวมบทความสังคมวิทยาและมานุษยวิทยา พ.ศ. 2544 /^cนิเทศ ตินณะกุล, บรรณาธิการ
260    กรุงเทพฯ :^bภาควิชาสังคมวิทยาและมานุษยวิทยา คณะรัฐศาสตร์จุฬาลงกรณ์มหาวิทยาลัย,^c2544
300    144 หน้า ;^c30 ซม.
650  4 สังคมวิทยา^xรวมเรื่อง
650  4 มานุษยวิทยา^xรวมเรื่อง
651  7 ไทย^xภาวะสังคม
700 0  นิเทศ ตินณะกุล,^eบรรณาธิการ
710 2  จุฬาลงกรณ์มหาวิทยาลัย. ^bคณะรัฐศาสตร์.^bภาควิชาสังคมวิทยาและมานุษยวิทยา
945    ^p0^l0^i015385
995    ทศพร
999 ^a ทศพร
รายการนี้ยังไม่มีแท็ก
คุณยังไม่ได้ล็อกอิน คุณสามารถมีกิจกรรมร่วมกับเว็บไซต์ได้ แต่ต้องล็อกอินก่อน ::
  ล็อกอิน

รายการสื่อสารสนเทศ

ลำดับที่ ประเภท เลขเรียก/บาร์โค้ด สถานที่ สถานะ
- ไม่พบข้อมูล -

BibComment


ยังไม่เคยถูกคอมเมนท์

คอมเมนท์ทรัพยากรรายการนี้
  คอมเมนท์: รวมบทความสังคมวิท..


 Copyright 2026. Bcnsprnw @Library